000 01119nam a2200325 i 4500
003 EG-GICUC
005 20260419151732.0
008 260419s2018 au ||||fr|||| 00| 0 ara d
017 _a2018/3519
020 _a978-977-04-8597-2
040 _a EG-GICUC
_bara
_c EG-GICUC
_d EG-GICUC
_erda
041 0 _aara
082 0 4 _221
_a345
_bر ف . د
092 0 4 _221
099 _aLaw1 07 345 ر ف . د 2018
100 0 _aرفعت عيد سيد
_eAuthor.
245 0 0 _aدراسة لبعض جوانب تقارير تقويم الأدا ء طبقًا لأحكام القضاء /
_cرفعت عيد سيد.
264 1 _aمصر :
_b[الناشر غير محدد]،
_c2018 .
300 _a134 صفحة
_c24 سم
336 _2rda content
_atext
337 _2rda media
_aComputer
338 _2rda carrier
_aOnline Resource
546 _aالنص باللغة العربية
650 1 4 _aتقارير تقويم الأداء
_2qrmak
650 1 4 _aالقانون الإداري
651 1 _2qrmak
856 4 0 _uhttps://fll.law.cu.edu.eg/fulltext/bks/لآ07-02205.pdf
905 _a165
942 _2ddc
_cBK
_e21
_n0
999 _c71933
_d71933